00582nam a2200205Ia 450000500170000000800410001702000180005804100120007608200150008810000150010324500820011825000120020026000360021230000220024865000200027065000200029065000230031070000210033370000220035420260429112020.0260429s9999||||xx |||||||||||||| ||und|| a9780367558178 aEnglish a363.2bTUR aTurner, Jo 0aPolicing women : bhistories in the western world, 1800 to 1950 / cJo Turner a1st ed. aNew Delhi : bRoutledge,c2024. axvii, 270 p.; pbk a Gender studies a Social history aWomen and policing a Johnston, Helen a Pluskota, Marion